東武ファンフェスタで展示されたLED表示器の対照表(30000系・2021~2023年版) - Statistics

General Stats
  • This quiz has been taken 78 times
  • The average score is 63 of 94
Answer Stats
Hint Answer % Correct
04 快速
89%
06 準急
89%
07 普通
89%
11 準急
89%
01 特急
87%
13 回送
87%
14 試運転
87%
01 浅草
85%
02 急行
84%
08 区間準急
82%
05 北越谷
82%
08 東武動物公園
82%
18 東武日光
82%
20 南栗橋
82%
26 北千住
82%
72 久喜
82%
80 池袋
82%
83 和光市
82%
10 区間急行
80%
12 臨時
80%
02 曳舟
80%
06 北春日部
80%
53 中央林間
80%
84 志木
80%
87 森林公園
80%
03 快速急行
78%
10 館林
78%
12 伊勢崎
78%
55 長津田
78%
59 渋谷
78%
86 川越市
78%
89 寄居
78%
07 春日部
76%
11 太田
76%
16 新栃木
76%
22 鬼怒川温泉
76%
51 押上
76%
82 成増
76%
88 小川町
76%
92 越生
76%
04 草加
75%
34 西小泉
75%
62 半蔵門
75%
03 竹ノ塚
73%
56 鷺沼
73%
58 二子玉川
73%
91 坂戸
73%
15 栃木
71%
19 東武宇都宮
71%
23 下今市
71%
33 東小泉
71%
66 水天宮前
71%
69 清澄白河
71%
81 上板橋
71%
85 上福岡
71%
31 葛生
69%
35 赤城
69%
21 鬼怒川公園
67%
29 亀戸
67%
71 錦糸町
67%
60 青山一丁目
65%
68 溝の口
65%
17 新鹿沼
64%
09 通勤準急
60%
09 羽生
60%
05 通勤急行
58%
13 業平橋
58%
30 佐野市
58%
61 永田町
58%
63 九段下
56%
65 三越前
56%
13 半蔵門線直通
56%
36 越谷
55%
52 あざみ野
55%
64 神保町
55%
70 住吉
55%
15 団体専用
51%
24 新大平下
49%
57 梶が谷
49%
16 たびじ
47%
15 東武線直通
47%
00 なし
45%
17 林間学校
45%
00 なし
45%
54 つきみ野
45%
41 西新井⇔大師前
44%
67 用賀
42%
14 藤岡
38%
40 亀戸⇔曳舟
38%
28 亀戸水神
35%
90 武蔵嵐山
35%
27 東あずま
33%
32 成島
27%
25 小村井
20%
No matching quizzes found
Score Distribution
Percent of People with Each Score
Percentile by Number Answered
Your Score History
You have not taken this quiz